It looks like you're offline.
Open Library logo
additional options menu

MARC record from Internet Archive

LEADER: 01995cam 2200397Mi 4500
001 on1099747844
003 OCoLC
005 20201130042332.0
008 980316s1998 enk 000 1 eng d
040 $aNZAUC$beng$erda$cNZAUC$dOCLCO$dOCLCF$dOCLCQ$dOCLCA
020 $a9780552775922$q(Black Swan ;$qpaperback)
020 $a0552775924
020 $a0330376888$q(pbk.)
020 $a9780330376884
020 $a0330352954
020 $a9780330352956
035 $a(OCoLC)1099747844
100 1 $aLette, Kathy,$d1958-$eauthor.
245 10 $aAltar ego /$cKathy Lette.
264 1 $aLondon :$bPicador,$c1998.
300 $a431 pages ;$c20 cm
336 $atext$btxt$2rdacontent
337 $aunmediated$bn$2rdamedia
338 $avolume$bnc$2rdacarrier
520 $a"Query: would it be a serious breach of etiquette to run out on my own wedding? This is the question Becky Steele finds herself asking, on the morning of her very own wedding. Having finally managed to fit into her meringue dress after weeks of drinking only skimmed water, she is suddenly uncertain about what exactly she wants. Yes, she loves Julian, but is she quite ready to become a proper grown-up, and give up on the joys of the single life? Julian might be the right man, but has she had enough wrong ones? Things get more complicated still when temptation arrives in the form of gorgeous rockstar toy boy Zack. And it looks like Julian might be making a few contingency plans of his own ..."--Provided by publisher.
650 0 $aWeddings$vFiction.
650 0 $aMan-woman relationships$vFiction.
650 7 $aMan-woman relationships.$2fast$0(OCoLC)fst01007080
650 7 $aWeddings.$2fast$0(OCoLC)fst01173328
655 0 $aChick lit.
655 7 $aChick lit.$2fast$0(OCoLC)fst01750221
655 7 $aFiction.$2fast$0(OCoLC)fst01423787
655 7 $aHumorous fiction.$2fast$0(OCoLC)fst01726649
655 7 $aHumorous fiction.$2lcgft
994 $aZ0$bP4A
948 $hNO HOLDINGS IN P4A - 1 OTHER HOLDINGS